The old law of Bizkaia 1452: introductory study and critical edition
Salvato in:
| Autore principale: | |
|---|---|
| Natura: | Libro |
| Lingua: | inglese |
| Pubblicazione: |
Reno
Center for Basque Studies, University of Nevada
2005
|
| Serie: | Basque Classics Series, 1
|
| Soggetti: | |
| Tags: |
Aggiungi Tag
Nessun Tag, puoi essere il primo ad aggiungerne!!
|
MARC
| LEADER | 00000nam a2200000 a 4500 | ||
|---|---|---|---|
| 001 | UCK6270 | ||
| 003 | CL-VaPUC | ||
| 008 | 050909e20050000US |||||||||||||||||eng|d | ||
| 020 | |a 1877802530 | ||
| 082 | 0 | 4 | |a 349.4663 |b MON |2 21 |
| 100 | |a Monreal Zia, Gregorio |e autor |9 540263 | ||
| 245 | 1 | 4 | |a The old law of Bizkaia 1452: introductory study and critical edition |
| 300 | |a 359 p | ||
| 942 | |c BK | ||
| 945 | |d 20050909 00:00:00 |a jcarroza | ||
| 260 | |a Reno |b Center for Basque Studies, University of Nevada |c 2005 | ||
| 650 | 7 | |a DERECHO |2 CL-VaPUC |9 495361 | |
| 650 | 7 | |a DERECHO ANTIGUO |2 CL-VaPUC |9 495362 | |
| 650 | 7 | |a HISTORIA DEL DERECHO SIGLO 15 |2 CL-VaPUC |9 495363 | |
| 651 | 0 | |a España |9 254926 | |
| 651 | 7 | |a VIZCAYA |2 CL-VaPUC |9 467238 | |
| 583 | |a last modification |c 20160817 03:20:18 |k Rodrigo Vera | ||
| 490 | 0 | |a Basque Classics Series, 1 | |
| 999 | |c 314569 |d 314567 | ||
| 952 | |0 0 |1 0 |4 0 |6 349_466300000000000_MON_2005 |7 0 |8 A |9 386986 |a BIBGIM |b BIBGIM |d 2019-11-22 |i 4156811 |o 349.4663 MON 2005 |p 4156811 |r 2025-01-15 |w 2019-11-22 |y BK |k GIM | ||